[Event "EU Amateur-ch"]
[Site "Ruzomberok"]
[Date "2016.06.11"]
[Round "8"]
[White "Alster, Omri"]
[Black "Balga, Frantisek"]
[Result "1-0"]
[WhiteElo "1380"]
[BlackElo "1811"]
[PlyCount "65"]
[EventDate "2016.06.06"]
[EventType "swiss"]
[EventRounds "9"]
[EventCountry "SVK"]
[SourceTitle "CBM 172 Extra"]
[Source "ChessBase"]
[SourceDate "2016.06.21"]
[SourceVersion "1"]
[SourceVersionDate "2016.06.21"]
[SourceQuality "1"]

1. g3 e5 2. c4 Nf6 3. Bg2 Bc5 4. e3 0-0 5. Ne2 d5 6. 0-0 dxc4 7. Qc2 Qd3 8. Qd1 Nc6 9. a3 Bg4 10. f3 Be6 11. Nbc3 Qd7 12. f4 exf4 13. Nxf4 Bg4 14. Qa4 Be6 15. Nxe6 Qxe6 16. Ne2 Rab8 17. Nf4 Qe7 18. Qxc4 b5 19. Qc2 Nd8 20. b4 Bd6 21. Bb2 c5 22. bxc5 Bxc5 23. Bxf6 gxf6 24. Nd5 Kg7 25. Nxe7 Bxe7 26. Qe4 Ne6 27. Rf5 Rh8 28. d4 b4 29. axb4 Bxb4 30. Rxa7 Ng5 31. Qd5 Rhd8 32. Rxg5+ fxg5 33. Qxf7+ 1-0

[Event "EU Amateur-ch"]
[Site "Ruzomberok"]
[Date "2016.06.10"]
[Round "6"]
[White "Kirmeir, Andreas"]
[Black "Balga, Frantisek"]
[Result "0-1"]
[WhiteElo "1727"]
[BlackElo "1811"]
[PlyCount "35"]
[EventDate "2016.06.06"]
[EventType "swiss"]
[EventRounds "9"]
[EventCountry "SVK"]
[SourceTitle "CBM 172 Extra"]
[Source "ChessBase"]
[SourceDate "2016.06.21"]
[SourceVersion "1"]
[SourceVersionDate "2016.06.21"]
[SourceQuality "1"]

1. b3 e5 2. Bb2 Nc6 3. e3 Nf6 4. d3 d5 5. Nd2 Bb4 6. a3 Ba5 7. b4 Bb6 8. b5 Ne7 9. Bxe5 d4 10. e4 Ng6 11. Bg3 0-0 12. Nc4 c5 13. Be2 Ba5+ 14. Kf1 Bc3 15. Rb1 Be6 16. f4 Bxc4 17. dxc4 Nxe4 18. Bd3 0-1

[Event "SVK-ch U16"]
[Site "Liptovsky Mikulas"]
[Date "2007.04.24"]
[Round "5"]
[White "Tropp, Lukas"]
[Black "Balga, Frantisek"]
[Result "1-0"]
[WhiteElo "1846"]
[BlackElo "1620"]
[PlyCount "97"]
[EventDate "2007.04.22"]
[EventType "swiss"]
[EventRounds "9"]
[EventCountry "SVK"]
[SourceTitle "EXT 2008"]
[Source "ChessBase"]
[SourceDate "2007.11.25"]
[SourceVersion "1"]
[SourceVersionDate "2007.11.25"]
[SourceQuality "1"]

1. e4 e6 2. d4 d5 3. exd5 exd5 4. c4 Bb4+ 5. Nc3 Qe7+ 6. Be3 dxc4 7. Bxc4 Nf6 8. Nf3 Ne4 9. Rc1 Nd6 10. Bd3 0-0 11. 0-0 Bxc3 12. bxc3 Bg4 13. h3 Bf5 14. Re1 Bxd3 15. Qxd3 Qe4 16. Qxe4 Nxe4 17. Bf4 Nd6 18. Re7 Na6 19. Bxd6 cxd6 20. Rxb7 Rfc8 21. Re1 Rc7 22. Re7 Rac8 23. Rxa7 Kf8 24. Raxc7 Rxc7 25. Rxc7 Nxc7 26. c4 Na6 27. a3 Nc7 28. Kf1 Ke7 29. Ke2 h6 30. Kd3 Ne6 31. g3 Kd7 32. Kc3 Kc7 33. Kb4 Nd8 34. Kb5 Kb7 35. c5 dxc5 36. dxc5 Nc6 37. Kc4 g5 38. Kd5 Kc7 39. g4 Na5 40. Nd4 Nb7 41. Nb5+ Kb8 42. Nd6 Nd8 43. a4 Kc7 44. Nb5+ Kb7 45. Kd6 Nc6 46. Nc3 Nd4 47. Nd5 f5 48. Ne7 fxg4 49. hxg4 1-0

[Event "SVK-ch U16"]
[Site "Liptovsky Mikulas"]
[Date "2007.04.23"]
[Round "3"]
[White "Plsek, Juraj"]
[Black "Balga, Frantisek"]
[Result "0-1"]
[WhiteElo "1350"]
[BlackElo "1620"]
[PlyCount "106"]
[EventDate "2007.04.22"]
[EventType "swiss"]
[EventRounds "9"]
[EventCountry "SVK"]
[SourceTitle "EXT 2008"]
[Source "ChessBase"]
[SourceDate "2007.11.25"]
[SourceVersion "1"]
[SourceVersionDate "2007.11.25"]
[SourceQuality "1"]

1. e4 e5 2. Nf3 Nc6 3. Bb5 d6 4. Bxc6+ bxc6 5. Nc3 Nf6 6. 0-0 Be7 7. d4 exd4 8. Nxd4 c5 9. Nc6 Qd7 10. Nxe7 Qxe7 11. Qf3 Bb7 12. Re1 0-0 13. Bg5 Qd8 14. Bxf6 Qxf6 15. Qxf6 gxf6 16. Nd5 Bxd5 17. exd5 Rfe8 18. Re3 Rxe3 19. fxe3 Re8 20. Kf2 Re5 21. Rd1 Rf5+ 22. Kg3 Rg5+ 23. Kf3 Rf5+ 24. Ke4 Rf2 25. Kd3 Rxg2 26. Rd2 Rg1 27. b3 Rg5 28. Kc4 a6 29. a3 Re5 30. Re2 Re4+ 31. Kd3 Re5 32. c4 f5 33. e4 fxe4+ 34. Rxe4 Rxe4 35. Kxe4 Kg7 36. Kf5 a5 37. h3 h6 38. h4 f6 39. Ke6 Kg6 40. Kd7 Kf7 41. Kxc7 Ke7 42. Kb6 f5 43. Kxa5 f4 44. Kb6 f3 45. a4 f2 46. a5 f1Q 47. a6 Qb1 48. a7 Qxb3+ 49. Kc7 Qa4 50. Kb8 Qe8+ 51. Kb7 Qd7+ 52. Kb8 Kd8 53. a8Q Qc7# 0-1

[Event "SVK-ch U14"]
[Site "Brezova pod Bradlom"]
[Date "2006.03.06"]
[Round "3"]
[White "Ziak, Patrik"]
[Black "Balga, Frantisek"]
[Result "0-1"]
[WhiteElo "1350"]
[BlackElo "1523"]
[PlyCount "52"]
[EventDate "2006.03.05"]
[EventType "swiss"]
[EventRounds "9"]
[EventCountry "SVK"]
[SourceTitle "EXT 2008"]
[Source "ChessBase"]
[SourceDate "2007.11.25"]
[SourceVersion "1"]
[SourceVersionDate "2007.11.25"]
[SourceQuality "1"]

1. e4 e6 2. d4 d5 3. e5 c5 4. c3 Nc6 5. Nf3 Qb6 6. Be3 Qxb2 7. Nbd2 cxd4 8. cxd4 Rb8 9. Nb3 Bb4+ 10. Nfd2 Bxd2+ 11. Bxd2 Nxd4 12. Bc1 Nc2+ 13. Ke2 Qxe5+ 14. Be3 Nxa1 15. Nxa1 Qb2+ 16. Nc2 Qxa2 17. g3 b6 18. Bg2 Ba6+ 19. Ke1 Ne7 20. Bf4 Rc8 21. Nb4 Qa5 22. Bd2 Qa3 23. Nc2 Qa4 24. Bf1 Qe4+ 25. Ne3 Qxh1 26. Ng2 Qxf1# 0-1

[Event "SVK-ch U14"]
[Site "Brezova pod Bradlom"]
[Date "2006.03.05"]
[Round "1"]
[White "Mazur, Stefan"]
[Black "Balga, Frantisek"]
[Result "1-0"]
[WhiteElo "2040"]
[BlackElo "1523"]
[PlyCount "33"]
[EventDate "2006.03.05"]
[EventType "swiss"]
[EventRounds "9"]
[EventCountry "SVK"]
[SourceTitle "EXT 2008"]
[Source "ChessBase"]
[SourceDate "2007.11.25"]
[SourceVersion "1"]
[SourceVersionDate "2007.11.25"]
[SourceQuality "1"]

1. e4 e6 2. d4 d5 3. Nc3 Bb4 4. Bd2 Bxc3 5. Bxc3 dxe4 6. Qg4 Qf6 7. Qxe4 Qg6 8. Qe2 Ne7 9. Nf3 Nd7 10. 0-0-0 Nd5 11. Bd2 0-0 12. h4 a5 13. h5 Qf5 14. g4 Qxg4 15. Rh4 Qf5 16. Bh3 Qf6 17. Bg5 1-0

[Event "SVK-ch U14"]
[Site "Liptovsky Mikulas"]
[Date "2005.04.12"]
[Round "2"]
[White "Balga, Frantisek"]
[Black "Ziak, David"]
[Result "1/2-1/2"]
[WhiteElo "1476"]
[BlackElo "1408"]
[PlyCount "34"]
[EventDate "2005.04.11"]
[EventType "swiss"]
[EventRounds "9"]
[EventCountry "SVK"]
[SourceTitle "EXT 2008"]
[Source "ChessBase"]
[SourceDate "2007.11.25"]
[SourceVersion "1"]
[SourceVersionDate "2007.11.25"]
[SourceQuality "1"]

1. e4 e5 2. Nf3 Nf6 3. Nxe5 Qe7 4. Nf3 Qxe4+ 5. Qe2 Qxe2+ 6. Bxe2 Bc5 7. 0-0 0-0 8. Nc3 Nc6 9. Bb5 Nd4 10. Nxd4 Bxd4 11. d3 c6 12. Bc4 d5 13. Bb3 Bf5 14. Bd2 Rfe8 15. Be3 Bxe3 16. fxe3 Bg6 17. Rae1 Rad8 1/2-1/2

[Event "SVK-ch U14"]
[Site "Liptovsky Mikulas"]
[Date "2005.04.11"]
[Round "1"]
[White "Petenyi, Tamas"]
[Black "Balga, Frantisek"]
[Result "1-0"]
[WhiteElo "2084"]
[BlackElo "1476"]
[PlyCount "71"]
[EventDate "2005.04.11"]
[EventType "swiss"]
[EventRounds "9"]
[EventCountry "SVK"]
[SourceTitle "EXT 2008"]
[Source "ChessBase"]
[SourceDate "2007.11.25"]
[SourceVersion "1"]
[SourceVersionDate "2007.11.25"]
[SourceQuality "1"]

1. e4 d6 2. d4 e6 3. Nf3 g6 4. Bd3 Bg7 5. 0-0 Ne7 6. c4 Bd7 7. Nc3 c6 8. Bf4 d5 9. e5 dxc4 10. Bxc4 Nd5 11. Bg5 Qc7 12. Ne4 h6 13. Nd6+ Kf8 14. Bd2 b5 15. Bxd5 cxd5 16. Rc1 Qb6 17. Bb4 Na6 18. Nc8+ Nxb4 19. Nxb6 axb6 20. Rc7 Ke7 21. a3 Na6 22. Rc3 h5 23. Ng5 Bh6 24. f4 b4 25. axb4 Nxb4 26. Qb3 Nc6 27. Rfc1 Rhc8 28. Qxb6 Rab8 29. Qc5+ Ke8 30. Nh7 Bg7 31. Nf6+ Bxf6 32. exf6 Rc7 33. Qd6 Rbb7 34. Rxc6 Bxc6 35. Rxc6 Rd7 36. Rc8+ 1-0